[Event "Cuernavaca Sisniega Memorial"]
[Site "Cuernavaca"]
[Date "2014.05.03"]
[Round "8"]
[White "Tello Urquiza, Guillermo"]
[Black "Sanchez Enriquez, Oscar Gerardo"]
[Result "0-1"]
[WhiteElo "2084"]
[BlackElo "2410"]
[PlyCount "126"]
[EventDate "2014.04.29"]
[EventType "swiss"]
[EventRounds "9"]
[EventCountry "MEX"]
[SourceTitle "CBM 160 Extra"]
[Source "ChessBase"]
[SourceDate "2014.07.01"]
[SourceVersion "1"]
[SourceVersionDate "2014.07.01"]
[SourceQuality "1"]

1. e4 c5 2. Nf3 d6 3. d4 cxd4 4. Nxd4 Nf6 5. Nc3 a6 6. f3 e6 7. Be3 b5 8. Qd2 Nbd7 9. 0-0-0 Bb7 10. g4 Nb6 11. Bd3 Rc8 12. Kb1 Nfd7 13. Rhe1 Be7 14. g5 Ne5 15. f4 Nec4 16. Bxc4 Nxc4 17. Qd3 b4 18. Nce2 Nxe3 19. Qxe3 Qb6 20. Qd3 g6 21. f5 e5 22. f6 Bd8 23. Nf3 0-0 24. Nc1 Qc6 25. Rd2 Bc7 26. h4 a5 27. h5 Ba6 28. Qd5 Qxd5 29. exd5 h6 30. Rh1 hxg5 31. hxg6 fxg6 32. Rdh2 Kf7 33. Nxg5+ Kxf6 34. Nh7+ Ke7 35. Nxf8 Rxf8 36. Rh7+ Kd8 37. Rg7 Bc4 38. Rhh7 Bb8 39. b3 Bxd5 40. Nd3 Bc6 41. Kc1 e4 42. Nf4 Rxf4 43. Rh8+ Be8 44. Rgg8 Ba7 45. Rxe8+ Kd7 46. Reg8 Be3+ 47. Kd1 Rg4 48. Ke2 Bf4 49. Rf8 g5 50. Rh7+ Kc6 51. Rc8+ Kd5 52. Ra7 Rg2+ 53. Kf1 Rd2 54. Rc4 e3 55. Rxa5+ Ke6 56. Re4+ Kf6 57. a3 bxa3 58. Rxa3 Kf5 59. Raa4 Rxc2 60. Rad4 Rb2 61. Re8 Rxb3 62. Ke2 Kg4 63. Rd3 Rb2+ 0-1